| 000 | 00765nam a2200145Ia 4500 | ||
|---|---|---|---|
| 008 | 231221s9999 xx 000 0 und d | ||
| 041 | _aEnglish | ||
| 082 | _aJNEC15-1066 | ||
| 100 | _aAghanash Karthik. Ashwin. R. Sambasiva Rao, V. Mahadevan, V. | ||
| 245 | 0 | _aLow Data Rate Bpsk Demodulation In Presence Of Doppler | |
| 260 | _c2015 | ||
| 500 | _aLow Data Rate Bpsk Demodulation In Presence Of Doppler Aghanash Karthik 1 Ashwin.R 2 , Dr.Sambasiva Rao.V 3 , Prof. V. Mahadevan4 1,2,3 Dept. of ECE, PESIT, Bangalore , 4 Dept. of TCE, PESIT, Bangalore International Journal of Combined Research & Development (IJCRD), eISSN:2321-225X; pISSN:2321-2241 Volume: 4; Issue: 5; August 2015. | ||
| 650 | _aLow,Rate,Bpsk,Demodulation,Presence,Doppler | ||
| 942 | _cIR | ||
| 999 |
_c233591 _d233591 |
||